SC Freiburg Squad 2018-2019 - Statistics

General Stats
  • This quiz has been taken 4 times
  • The average score is 16 of 30
Answer Stats
# Position Nation Player % Correct
1 GK Germany Alexander Schwolow
100%
26 GK Netherlands Mark Flekken
100%
22 FW Hungary Roland Sallai
100%
32 FW Italy Vincenzo Grifo
100%
6 MF Albania Amir Abrashi
75%
30 DF Germany Christian Günter
75%
- Coach Germany Christian Streich
75%
7 FW Germany Florian Niederlechner
75%
9 FW Germany Lucas Höler
75%
11 FW Germany Luca Waldschmidt
75%
17 DF Germany Lukas Kübler
75%
27 MF Germany Nicolas Höfler
75%
18 FW Germany Nils Petersen
75%
3 DF Austria Philipp Lienhart
75%
25 DF Germany Robin Koch
75%
16 FW France Yoric Ravet
75%
21 FW Australia Brandon Borrello
50%
5 DF Germany Manuel Gulde
50%
37 GK Germany Constantin Frommann
25%
23 DF Germany Dominique Heintz
25%
38 FW Germany Florian Kath
25%
19 MF Germany Janik Haberer
25%
20 MF Germany Jérôme Gondorf
25%
31 DF Germany Keven Schlotterbeck
25%
8 MF Germany Mike Frantz
25%
36 DF Germany Chima Okoroji
0%
13 FW Germany Marco Terrazzino
0%
15 DF Germany Pascal Stenzel
0%
14 MF Germany Patrick Kammerbauer
0%
34 FW Germany Tim Kleindienst
0%
No matching quizzes found
Score Distribution
Percent of People with Each Score
Percentile by Number Answered
Your Score History
You have not taken this quiz